<?xml version="1.0" encoding="UTF-8"?>
<marc:record xmlns:marc="http://www.loc.gov/MARC21/slim">
   <marc:leader>00000nam a2200000 a 4500</marc:leader>
   <marc:datafield ind1="1" ind2=" " tag="100">
      <marc:subfield code="a">Kruse, Max</marc:subfield>
      <marc:subfield code="4">aut</marc:subfield>
      <marc:subfield code="e">Verfasser/-in</marc:subfield>
   </marc:datafield>
   <marc:datafield ind1=" " ind2=" " tag="653">
      <marc:subfield code="a">CD</marc:subfield>
   </marc:datafield>
   <marc:datafield ind1="0" ind2="0" tag="245">
      <marc:subfield code="a">Mein Urmel-Koffer</marc:subfield>
   </marc:datafield>
   <marc:datafield ind1="0" ind2="0" tag="245">
      <marc:subfield code="b">Urmel aus dem Eis</marc:subfield>
   </marc:datafield>
   <marc:datafield ind1="0" ind2="0" tag="245">
      <marc:subfield code="c">Kruse, Max</marc:subfield>
   </marc:datafield>
   <marc:datafield ind1=" " ind2="1" tag="264">
      <marc:subfield code="a">Potsdam</marc:subfield>
      <marc:subfield code="b">Tandem-Verl.</marc:subfield>
      <marc:subfield code="c">2014</marc:subfield>
   </marc:datafield>
   <marc:datafield ind1="1" ind2=" " tag="520">
      <marc:subfield code="a">Angaben aus der Verlagsmeldung &#xD;
&#xD;
 Mein Urmel-Koffer - Hörbuchkoffer  / von Max Kruse&#xD;
&#xD;
CD 1+2 Urmel aus dem Eis: &#xD;
&#xD;
Auf Titiwu leben Professor Tibatong und Tim Tintenklecks friedlich mit einigen sprechenden Tieren zusammen. Bis eines Tages in einem Eisblock ein Urmel-Ei angeschwemmt wird…&#xD;
&#xD;
&#xD;
&#xD;
CD 3+4 Urmel spielt im Schloss:&#xD;
&#xD;
Zoodirektor Dr. Zwengelmann will das Urmel mit eigenen Augen sehen und seine Nichte Naftaline möchte einen Zeitungsbericht über das seltene Tier schreiben. Doch das muss um jeden Preis verhindert werden!&#xD;
&#xD;
&#xD;
&#xD;
CD 5+6 Urmel fliegt ins All:&#xD;
&#xD;
Eines Tages landet ein Raumschiff auf Titiwu. Urmel und seine Freunde folgen der Einladung auf den Planeten Futura. Doch dort haben sie einige Abenteuer zu bestehen…</marc:subfield>
   </marc:datafield>
   <marc:datafield ind1=" " ind2=" " tag="020">
      <marc:subfield code="a">9783842709812</marc:subfield>
      <marc:subfield code="9">9783842709812</marc:subfield>
   </marc:datafield>
   <marc:datafield ind1=" " ind2=" " tag="041">
      <marc:subfield code="a">ger</marc:subfield>
   </marc:datafield>
   <marc:datafield ind1=" " ind2=" " tag="338">
      <marc:subfield code="a">Audiodisk</marc:subfield>
   </marc:datafield>
   <marc:datafield ind1=" " ind2=" " tag="300">
      <marc:subfield code="a">6 CDs</marc:subfield>
   </marc:datafield>
</marc:record>
